00617nam a22002054a 450000500170000000800410001702000260005802000150008403500130009903700150011204000180012708200130014510000180015824500380017626000380021427000590025230000300031150000510034165000190039220080729164931.0080416s2008 waua 001 0 eng  a9788176488310c795.00 a8176488313 aEN-74993 bDBAD / PUB aDPLbEnglish  a363.7392 aAgarwal, S.K. aAir pollution /cby S.K. Agarwal  aNew Delhi bAPH Publishing c2005 a4435-36/7, Ansari Road, Daryaganj,bNew Delhi e110002 aviii, 323 p. c23 cm (Hb) aIncludes bibliographical references and index  aAirxPollution